Gestión directa de servicios públicos locales: en particular las sociedades mercantiles municipales
Guardat en:
| Autors principals: | , |
|---|---|
| Format: | Llibre |
| Idioma: | espanyol |
| Publicat: |
Granada
CEMCI
1992
|
| Col·lecció: | TAL. Temas de Administración Local, 46
|
| Matèries: | |
| Etiquetes: |
Afegir etiqueta
Sense etiquetes, Sigues el primer a etiquetar aquest registre!
|
MARC
| LEADER | 00000nam a2200000 a 4500 | ||
|---|---|---|---|
| 001 | UCX8186 | ||
| 003 | CL-VaPUC | ||
| 008 | 940310e19920000SP |||||||||||||||||spa|d | ||
| 082 | 0 | 4 | |a 342 |b SAN |2 21 |
| 100 | 0 | |a Sánchez Martín, Angel |e author |9 325251 | |
| 700 | 0 | |a Sánchez García, Rosendo |e author |9 325252 | |
| 245 | 1 | 0 | |a Gestión directa de servicios públicos locales: en particular las sociedades mercantiles municipales |
| 300 | |a 392 p | ||
| 942 | |c BK | ||
| 945 | |d 19940310 00:00:00 |a aalvarez | ||
| 260 | |a Granada |b CEMCI |c 1992 | ||
| 650 | 0 | |a Derecho administrativo |9 254851 | |
| 650 | 0 | |a Derecho público |9 255910 | |
| 583 | |a last modification |c 19940310 00:00:00 |k Rodrigo Vera | ||
| 490 | 0 | |a TAL. Temas de Administración Local, 46 | |
| 999 | |c 227774 |d 227772 | ||
| 952 | |0 0 |1 0 |4 0 |6 342_000000000000000_SAN_1992 |7 0 |8 A |9 226999 |a BIBDER |b BIBDER |d 2019-11-15 |i 2961318 |o 342 SAN 1992 |p 2961318 |r 2023-01-25 |w 2019-11-15 |y BK |k DER | ||